| 000 | 01248nam a22002537a 4500 | ||
|---|---|---|---|
| 005 | 20250407110849.0 | ||
| 008 | 250407b |||||||| |||| 00| 0 eng d | ||
| 020 | _a978-81-957277-2-8 (pbk) | ||
| 037 | _cTB | ||
| 040 |
_aCRL _cCRL |
||
| 041 |
_2hin _ahin _hsan |
||
| 084 | _aO15:g(L8) 152R3 | ||
| 100 | _aसेंगर, शैलेन्द्र सिंह | ||
| 245 | _aसंस्कृत एवं आयुर्वेद | ||
| 260 |
_aनई दिल्ली, भारत: _bचौखंभा पब्लिकेशन्स, _c2023. |
||
| 300 | _a502पृ0 | ||
| 365 |
_b595.00 _cINR |
||
| 490 |
_aमोहनदास इंडोलोजिकल सीरीज _v143 |
||
| 546 | _aTranslated from Sanskrit to Hindi | ||
| 650 | _aसंस्कृत साहित्य | ||
| 700 | _aप्रधान, त्रिलोचन (संपादक) | ||
| 942 |
_2CC _cTB _hO15:g(L8) 152R3 _n0 |
||
| 999 |
_c1308479 _d1308479 |
||